000 00764nam a22001697a 4500
999 _c178096
_d178096
010 _aMAL-9233
020 _a978-81-8268-050-0
_c300.00
035 _aMA-8690
082 _a
100 _aകോട്ടാരത്തിൽ , ശങ്കുണ്ണി
245 _aഐത്തിഹ്യാമല :ക്ഷേത്ര മഹാത്മ്യ കഥക്കൽ /
_cകോട്ടാരത്തിൽ , ശങ്കുണ്ണി
246 _aAITHIHYAMALA : KSHETHRA MAHATMYA KATHAKAL
260 _aKozhikode , Keralam India
_bThe Mathrubhumi Printing and Publishing Co,Ltd.
_c2019
270 _aThe Mathrubhumi Printing and Publishing Co,Ltd.,Kozhikode , Keralam India
300 _aix, 382p.
_b21cm(pbk.)
942 _2ddc
_cMA
_h
_kകോ